BIBLIOTHÈQUE DE LA MAISON DU MEXIQUE

Logo 1 Logo 2

Gustavo Baz en la revolución agraria (notice nᵒ 2167)

détails MARC
000 -Sello discográfico
campo de control de longitud fija 01050nam a2200313 4500
005 - Identificación de versión
campo de control 20251017062857.0
035 ## - Otros números de control del sistema
Número de control del sistema 28047
099 ## - fechas locales
Tipo de ítem Koha LIBRO
100 ## - Datos de procesamiento general
Datos de procesamiento general 20020703d1979 m y1spay5003 ba
105 ## - Campo de datos codificados: Material textual, monográfico
Datos codificados de monografía a 001zb
200 1# - Título y mención de responsabilidad
Título propio Gustavo Baz en la revolución agraria
Designación general del material texto impreso
Primer mención de responsabilidad Héctor Medina Neri
Declaración de responsabilidad subsiguiente prólogo Luis Correa Sarabia
210 ## - Publicación, distribución, etc.
Lugar de publicación, distribución, etc. México
Nombre del editor, distribuidor, etc. Héctor Medina Neri
Fecha de publicación, distribución, etc. 1979
215 ## - Descripción física
Designación de material específico y extensión del ítem 181 p
Otras características físicas il.
Dimensiones 23 cm
300 ## - Notas generales
Texto de la nota Ejemplar autografiado por el autor
327 1# - Nota de contenidos
Texto de la nota Con grabados de José Guadalupe Posada, Leopoldo Méndez y Gráfica Popular
345 ## - Nota de información de adquisición
Fuente de adquisición/dirección de la suscripción [OBSOLETO] Donación
600 ## - Nombre personal usado como materia
Elemento de entrada Baz Prada
Parte del nombre distinta del elemento de entrada Gustavo
Fechas 1894-1987
Número Koha 5137
607 ## - Nombre geográfico utilizado como tema
Elemento de entrada México
Subdivisión temática Historia
Subdivisión cronológica Revolución, 1910-
Número Koha 1664
660 ## - Código de área geográfica
Código MX
700 ## - Nombre personal - Responsabilidad primaria
Elemento de entrada Medina Neri
Parte del nombre distinta del elemento de entrada Héctor
Número Koha 5138
702 ## - Nombre personal - Responsabilidad secundaria
Elemento de entrada Correa Sarabia
Parte del nombre distinta del elemento de entrada Luis
Número Koha 5139
801 #0 - Fuente de origen
Agencia cm
900 ## -
-- 1/1485
900 ## -
-- 7100213268\030702
942 ## - ELEMENTOS DE ENTRADA SECUNDARIOS (KOHA)
Tipo de ítem Koha Livre
996 ## -
-- MEX
-- 751145101
-- MMAG
-- 002087
-- 928 B362M
-- 20200803LIV
Exemplaires
Estatus retirado Estado de daño Estado de pérdida Fecha de adquisición Biblioteca de origen Biblioteca actual Ubicación en estantería Código de barras Precio de reemplazo Signatura topográfica completa No para préstamo Tipo de ítem Koha Nota pública Nota no pública
      05/08/2025 Casa México Paris Casa México Paris   002087 05/08/2025 928 B362M   Livre 20200803LIV 751145101